| 000 | 00484nam a22001937a 4500 | ||
|---|---|---|---|
| 003 | OSt | ||
| 005 | 20160517144708.0 | ||
| 008 | 160517b xxu||||| |||| 00| 0 eng d | ||
| 020 | _a044303088X | ||
| 040 | _cDLMN. | ||
| 082 | _aBBQZ4 W171g 1987 | ||
| 100 |
_aWalter,J.B;Israel,M.S; _98848 |
||
| 245 | _aGeneral Pathology: | ||
| 250 | _a6th ed. | ||
| 260 |
_aNew York, _bChurchill Livingstone. _c1987. |
||
| 504 | _aincludes index. | ||
| 650 |
_aPathology. _937 |
||
| 942 |
_2z _cO_SHELF |
||
| 999 |
_c4079 _d4079 |
||